| Tag |
First Indicator |
Second Indicator |
Subfields |
| LEADER |
00000cam a2200000 a 4500 |
| 001 |
in00000015902 |
| 005 |
20151007052629.0 |
| 008 |
860702s1986 nyu b 00110 eng |
| 010 |
|
|
|a 86017706
|
| 020 |
|
|
|a 0312633971 :
|c $25.00 (est.)
|
| 035 |
|
|
|a (OCoLC)13902864
|
| 035 |
|
|
|9 AAA8583AM
|
| 040 |
|
|
|a DLC
|c DLC
|d m/c
|d TXA
|d UtOrBLW
|
| 049 |
|
|
|a TXAM
|c [A11056370]
|
| 050 |
0 |
0 |
|a PN1992.6
|b .L6 1986
|
| 100 |
1 |
|
|a Lodziak, Conrad.
|
| 245 |
1 |
4 |
|a The power of television :
|b a critical appraisal /
|c Conrad Lodziak.
|
| 264 |
|
1 |
|a New York :
|b St. Martin's Press,
|c 1986.
|
| 300 |
|
|
|a 217 pages ;
|c 23 cm.
|
| 336 |
|
|
|a text
|b txt
|2 rdacontent
|
| 337 |
|
|
|a unmediated
|b n
|2 rdamedia
|
| 338 |
|
|
|a volume
|b nc
|2 rdacarrier
|
| 504 |
|
|
|a Includes bibliographies and index.
|
| 650 |
|
0 |
|a Television broadcasting
|x Social aspects.
|
| 999 |
|
|
|a MARS
|
| 999 |
f |
f |
|s 074dc609-8ee2-3e48-b7f9-02f764a55709
|i 545b2d49-82dc-3ce5-a0a6-079e24bf6380
|t 0
|
| 952 |
f |
f |
|p ric
|a Texas A&M University
|b Rellis Campus
|c Joint Library Facility
|d Remote Storage
|t 0
|e PN1992.6 .L6 1986
|h Library of Congress classification
|i unmediated -- volume
|m A14811056370
|
| 998 |
f |
f |
|a PN1992.6 .L6 1986
|t 0
|l Remote Storage
|